000 00766nam a2200181 i 4500
001 156873
003 ES-MaACL
005 20230906210523.0
008 040805s1894 sp |||| | spa d
100 1 _aLaffón y Fernández, Amante.
_9128582
245 1 0 _aDiscurso leído por Amante Laffón y Fernández, vice-presidente del Ateneo y Sociedad de Excursiones, en la solemne inauguración del curso de 1893-94.
260 _aSevilla :
_b[s.n.],
_c1894 (
_fImp. de El Mercantil Sevillano)
300 _a20 p. ;
_c22 cm.
594 _aTema del discurso: la literatura.
650 _aLiteratura-
_xHistoria y crítica.
_914489
710 2 _aAteneo de Sevilla.
_92028
852 _aES-MaACL
_jT-708-F-6
_z- Enc. hol. conservando cub. original
_z- Enc. en un vol. facticio
999 _c156873
_d156873